[Event "NYCC 2024, E"]
[Site "Valkeakoski, Finland"]
[Date "2024.02.16"]
[Round "1.5"]
[White "Mikkelsen, Anders Askjaer"]
[Black "Arun, Harsha"]
[Result "1-0"]
[WhiteElo "1434"]
[BlackElo "1181"]
[PlyCount "91"]
[EventDate "2024.??.??"]

{[%evp 0,80,19,38,30,40,43,30,26,-35,18,29,23,14,26,16,48,41,38,35,63,39,70,55,
67,75,65,46,44,52,116,105,117,92,87,82,438,459,451,459,472,450,456,468,446,395,
393,385,476,386,386,386,393,390,392,371,369,384,392,388,384,385,392,392,406,
415,426,438,528,540,576,566,569,610,626,681,698,735,1533,1580,1685,1802,2140]} 
1. e4 e6 2. d4 d5 3. exd5 exd5 4. c4 c6 5. Nc3 Nf6 6. Bg5 Be6 7. cxd5 cxd5 8.
Nf3 Nbd7 9. Rc1 Rc8 10. Bd3 Bb4 11. Qb3 Bxc3+ 12. Rxc3 Rxc3 13. Qxc3 O-O 14.
O-O Qc8 15. Rc1 Nb6 16. Qb3 Qb8 17. Bxf6 Qf4 18. Bg5 Qd6 19. Bh4 Qf4 20. Qd1
Bg4 21. Bg3 Bxf3 22. Bxf4 Bxd1 23. Rxd1 Rc8 24. Rc1 Rxc1+ 25. Bxc1 h6 26. Kf1
Kf8 27. Bf4 Ke7 28. Ke2 Na4 29. Bc1 a6 30. b3 Nb6 31. Ba3+ Ke6 32. g4 Kf6 33.
h4 g5 34. h5 Na8 35. Bf8 Nc7 36. Ke3 Ne6 37. Bxh6 Nf4 38. Bf8 Nxd3 39. Kxd3 a5
40. a4 b6 41. Kc3 Ke6 42. h6 f6 43. h7 Kf7 44. h8=Q f5 45. Qg7+ Ke6 46. Qe7#
1-0

[Event "NYCC 2024, E"]
[Site "Valkeakoski, Finland"]
[Date "2024.02.16"]
[Round "1.3"]
[White "Zhang, Yiming"]
[Black "Jorgensen, Baldur Bjarnason"]
[Result "1-0"]
[WhiteElo "1493"]
[BlackElo "1275"]
[PlyCount "77"]
[EventDate "2024.??.??"]

{[%evp 0,17,25,10,13,20,18,25,12,3,46,46,79,82,100,89,95,85,101,114]} 1. e4 e5
2. Nf3 Nc6 3. Bb5 Bc5 4. c3 Qe7 5. O-O Nf6 6. d4 Bd6 7. d5 Nd8 8. Bd3 O-O 9.
Nh4 Bc5 10. b4 Bb6 11. Nf5 Qe8 12. Bg5 Kh8 13. Qf3 d6 14. Nxg7 Rg8 15. Nxe8
Nxe8 16. Bxd8 Bg4 17. Bf6+ Nxf6 18. Qxf6+ Rg7 19. Re1 Rag8 20. Nd2 h5 21. Nc4
Bh3 22. g3 Kh7 23. Nxb6 axb6 24. Be2 Rg6 25. Qxf7+ R8g7 26. Qf3 h4 27. Bf1 Bg4
28. Qe3 hxg3 29. fxg3 Rg5 30. Bg2 Rh5 31. Bf3 Bxf3 32. Qxf3 Rh6 33. Rf1 Rhg6
34. Qf8 Rg8 35. Rf7+ R6g7 36. Rxg7+ Rxg7 37. Rf1 Rg8 38. Rf7+ Kh8 39. Qh6# 1-0

[Event "NYCC 2024, E"]
[Site "Valkeakoski, Finland"]
[Date "2024.02.16"]
[Round "1.4"]
[White "Jonsson, Tristan Fannar"]
[Black "Maurstad, Astor Moe"]
[Result "0-1"]
[WhiteElo "1216"]
[BlackElo "1459"]
[PlyCount "130"]
[EventDate "2024.??.??"]

{[%evp 0,35,22,19,51,15,-8,-10,-12,-10,0,7,7,27,21,37,48,48,55,25,32,-3,-4,-4,
23,-7,8,4,53,59,59,3,1,14,30,6,60,-116]} 1. e4 c5 2. c3 d5 3. exd5 Qxd5 4. d4
Nf6 5. Nf3 Nc6 6. Be3 cxd4 7. cxd4 e6 8. Nc3 Qd8 9. Bb5 Be7 10. Bxc6+ bxc6 11.
Ne5 Bd7 12. h3 O-O 13. O-O Qa5 14. Bg5 Rfd8 15. Qf3 Be8 16. Rfd1 Qc7 17. Rac1
Rac8 18. Qg3 Nh5 19. Qg4 Bxg5 20. Qxg5 f6 21. Qg4 fxe5 22. Qxe6+ Bf7 23. Qxe5
Nf4 24. Qf5 Nd5 25. Ne4 Ne7 26. Qg5 Bxa2 27. Nc5 Bf7 28. Re1 Nd5 29. Ne6 Bxe6
30. Rxe6 Rd6 31. Re4 Qf7 32. Rce1 Rdd8 33. Rg4 Re8 34. Re5 Rxe5 35. dxe5 Rf8
36. Kh1 Nf4 37. Rg3 Ne6 38. Qg4 Qe7 39. f3 Rf4 40. Qh5 Qf7 41. Qh6 Kh8 42. Rxg7
Nxg7 43. Qxc6 Ne6 44. Qa8+ Kg7 45. Qc6 h5 46. Qc1 h4 47. Qg1 Kh6 48. Qc1 Qd7
49. b4 Qc7 50. Qd1 Rxb4 51. Qd2+ Rf4 52. Kh2 Qxe5 53. Qc1 a5 54. Kg1 Qc5+ 55.
Qxc5 Nxc5 56. Kf2 a4 57. g4 hxg3+ 58. Kxg3 Ne6 59. Kg2 a3 60. Kh2 Rxf3 61. Kg2
Rb3 62. h4 a2 63. h5 a1=Q 64. Kf2 Qa2+ 65. Kf1 Rb1# 0-1

[Event "NYCC 2024, E"]
[Site "Valkeakoski, Finland"]
[Date "2024.02.16"]
[Round "2.1"]
[White "Mikkelsen, Anders Askjaer"]
[Black "Pirtac, Alexandru"]
[Result "0-1"]
[WhiteElo "1434"]
[BlackElo "1875"]
[PlyCount "112"]
[EventDate "2024.??.??"]

1. e4 c5 2. Nf3 a6 3. c3 e6 4. d4 cxd4 5. cxd4 Nf6 6. Bg5 Be7 7. Nbd2 b5 8. Bd3
Bb7 9. e5 Nd5 10. Bxe7 Qxe7 11. Ne4 O-O 12. O-O f6 13. Nd6 Bc6 14. Nd2 fxe5 15.
dxe5 Nf4 16. Be4 Qg5 17. Qf3 Qxe5 18. Qa3 Rf6 19. Rfe1 Qd4 20. Nf3 Qb6 21. Rac1
h6 22. Ne8 Rf8 23. Nd6 Bxe4 24. Nxe4 Nc6 25. Nc5 Ra7 26. g3 Nh3+ 27. Kg2 Nxf2
28. h3 e5 29. Qb3+ Kh8 30. Rf1 d6 31. Ne6 Rf6 32. Rc2 Ne4 33. Qd5 Nc5 34. Nxc5
Nb4 35. Qd2 Nxc2 36. Qxc2 Qxc5 37. Qd2 Rc7 38. Rf2 e4 39. Nd4 Qd5 40. Kh2 Rcf7
41. Rg2 Rf1 42. Qe3 Kg8 43. Rd2 Qc4 44. Rc2 Qxc2+ 45. Nxc2 R7f2+ 46. Qxf2 Rxf2+
47. Kg1 Rxc2 48. g4 d5 49. Kf1 d4 50. Ke1 e3 51. Kd1 d3 52. b3 b4 53. h4 g5 54.
a4 bxa3 55. b4 a2 56. h5 a1=Q# 0-1

[Event "NYCC 2024, E"]
[Site "Valkeakoski, Finland"]
[Date "2024.02.16"]
[Round "2.3"]
[White "Maurstad, Astor Moe"]
[Black "Dahlin, Emil"]
[Result "1-0"]
[WhiteElo "1459"]
[BlackElo "1306"]
[PlyCount "97"]
[EventDate "2024.??.??"]

1. c4 e5 2. Nc3 Nf6 3. Nf3 Nc6 4. e3 Bc5 5. Nxe5 Nxe5 6. d4 Bd6 7. c5 Nc6 8.
cxd6 cxd6 9. Bd3 O-O 10. O-O a6 11. d5 Ne5 12. e4 Re8 13. Be3 b5 14. f3 Bb7 15.
Ne2 Rc8 16. Nd4 Nc4 17. Bxc4 Rxc4 18. Qd2 Qc7 19. Rac1 Rc8 20. Rxc4 Qxc4 21. a3
Re8 22. Rc1 Qa4 23. Bf2 h6 24. Qb4 Qxb4 25. axb4 Nh5 26. g3 g6 27. Rc7 Bc8 28.
Kf1 Nf6 29. g4 Kf8 30. Bg3 Ke7 31. Nc6+ Kf8 32. Bxd6+ Kg7 33. Na7 Nxe4 34. fxe4
Rxe4 35. Nxc8 Rxg4 36. Rxd7 Rg5 37. Rd8 Rf5+ 38. Ke2 Rh5 39. Bg3 Kf6 40. d6 Rd5
41. Nb6 Rd4 42. d7 Re4+ 43. Kf3 Rd4 44. Re8 Rd3+ 45. Ke2 Rb3 46. d8=Q+ Kf5 47.
Qd5+ Kg4 48. Re4+ Kh3 49. Rh4# 1-0

[Event "NYCC 2024, E"]
[Site "Valkeakoski, Finland"]
[Date "2024.02.16"]
[Round "2.4"]
[White "Hallmundarson, Birkir"]
[Black "Jonsson, Tristan Fannar"]
[Result "1-0"]
[WhiteElo "1527"]
[BlackElo "1216"]
[PlyCount "67"]
[EventDate "2024.??.??"]

1. Nf3 Nf6 2. c4 e6 3. Nc3 c5 4. d4 Nc6 5. d5 Ne7 6. Bg5 Ng6 7. e4 d6 8. Bd3 h6
9. Bd2 e5 10. Ne2 Bg4 11. Qa4+ Qd7 12. Qxd7+ Kxd7 13. Nfg1 Bxe2 14. Nxe2 Rd8
15. O-O Kc8 16. b4 Nd7 17. Rab1 b6 18. Bc2 Be7 19. Ba4 Ngf8 20. Bc6 g5 21. Ng3
f6 22. Nf5 Re8 23. bxc5 dxc5 24. a4 Ng6 25. a5 Ngf8 26. axb6 axb6 27. Ra1 Bd8
28. Nd6+ Kc7 29. Nxe8+ Kc8 30. Ra8+ Nb8 31. Rfa1 Bc7 32. R1a7 Nh7 33. Rxc7+ Kd8
34. Rxb8# 1-0

[Event "NYCC 2024, E"]
[Site "Valkeakoski, Finland"]
[Date "2024.02.16"]
[Round "2.5"]
[White "Matysiak, Tommy"]
[Black "Arun, Harsha"]
[Result "1-0"]
[WhiteElo "1312"]
[BlackElo "1181"]
[PlyCount "63"]
[EventDate "2024.??.??"]

1. e4 e6 2. d4 d5 3. e5 c5 4. c3 Qb6 5. Nf3 Nc6 6. Bd3 Bd7 7. O-O cxd4 8. cxd4
Nxd4 9. Nxd4 Qxd4 10. Re1 Bc5 11. Qe2 Ne7 12. Be3 Qb4 13. a3 Qb6 14. Bxc5 Qxc5
15. Nd2 O-O 16. Rac1 Qb6 17. Nf3 Rfc8 18. Ng5 h6 19. Nf3 a6 20. Bb1 Bb5 21. Qd2
Nc6 22. Qc2 g6 23. Nh4 Ne7 24. Qd2 Kg7 25. Qf4 Ng8 26. Nf3 f5 27. exf6+ Nxf6
28. Qb4 Kf7 29. Ne5+ Kg7 30. Qe7+ Kg8 31. Qf7+ Kh8 32. Nxg6# 1-0

[Event "NYCC 2024, E"]
[Site "Valkeakoski, Finland"]
[Date "2024.02.16"]
[Round "2.6"]
[White "Jorgensen, Baldur Bjarnason"]
[Black "Xin, Lisa J."]
[Result "1/2-1/2"]
[WhiteElo "1275"]
[BlackElo "1167"]
[PlyCount "55"]
[EventDate "2024.??.??"]

1. d4 d5 2. c4 c6 3. cxd5 cxd5 4. Bf4 Nc6 5. Nf3 Bf5 6. Nc3 Nf6 7. e3 e6 8. Bd3
Bxd3 9. Qxd3 Be7 10. O-O O-O 11. a3 a6 12. Rac1 Rc8 13. Rfd1 Qb6 14. Na4 Qa5
15. Qb3 b5 16. Nc3 Qd8 17. Qa2 Nh5 18. Ne2 Nxf4 19. Nxf4 Qb6 20. b4 Rb8 21. Nd3
Rfc8 22. Rd2 Rc7 23. Rdc2 Rbc8 24. Qb3 a5 25. Nfe5 axb4 26. Nxc6 Rxc6 27. Nxb4
Rc4 28. Nd3 1/2-1/2

[Event "NYCC 2024, E"]
[Site "Valkeakoski, Finland"]
[Date "2024.02.17"]
[Round "3.1"]
[White "Pirtac, Alexandru"]
[Black "Maurstad, Astor Moe"]
[Result "1-0"]
[WhiteElo "1875"]
[BlackElo "1459"]
[PlyCount "93"]
[EventDate "2024.??.??"]

1. e4 c5 2. Nf3 d6 3. d4 cxd4 4. Nxd4 Nf6 5. Nc3 a6 6. Bc4 e6 7. Bb3 b5 8. O-O
Be7 9. Bg5 O-O 10. a3 Bb7 11. Re1 Nbd7 12. f3 Rc8 13. Qd2 Qc7 14. Rad1 Rfd8 15.
Qf2 h6 16. Be3 Ne5 17. Qg3 Kh8 18. Bxe6 Bf8 19. Bxc8 Rxc8 20. Nf5 Nc4 21. Bd4
Nxb2 22. Rb1 Nc4 23. Nxh6 Ne5 24. f4 gxh6 25. fxe5 dxe5 26. Bxe5 Qc5+ 27. Kh1
Bg7 28. Rf1 Nh5 29. Bxg7+ Nxg7 30. Rxf7 Qxc3 31. Rxb7 Qxg3 32. hxg3 Rxc2 33.
Rf1 Rc6 34. Rf8+ Kh7 35. Rff7 Rg6 36. e5 Kg8 37. Rf6 Rxf6 38. exf6 Ne6 39. Kh2
Nd4 40. Kh3 Nc2 41. Kg4 Nxa3 42. Kh5 Nc4 43. Re7 Nd6 44. Kg6 b4 45. Rd7 Nf7 46.
Rxf7 b3 47. Rb7 1-0

[Event "NYCC 2024, E"]
[Site "Valkeakoski, Finland"]
[Date "2024.02.17"]
[Round "3.2"]
[White "Hallmundarson, Birkir"]
[Black "Mashhadi Aghajan, Rayan"]
[Result "1-0"]
[WhiteElo "1527"]
[BlackElo "1336"]
[PlyCount "85"]
[EventDate "2024.??.??"]

1. Nf3 Nf6 2. c4 e6 3. g3 d5 4. b3 c6 5. Bg2 Bd6 6. Bb2 Nbd7 7. O-O O-O 8. d4
Re8 9. Nc3 a6 10. a4 Rb8 11. Ba3 Bxa3 12. Rxa3 b5 13. cxb5 cxb5 14. axb5 axb5
15. b4 Nb6 16. Qb3 Nc4 17. Ne5 Nxa3 18. Qxa3 Qb6 19. e3 Nd7 20. f4 f6 21. Nd3
Bb7 22. f5 e5 23. Nc5 Nxc5 24. dxc5 Qd8 25. Qb3 Qd7 26. e4 Kh8 27. Nxd5 Bxd5
28. exd5 e4 29. d6 Re5 30. g4 e3 31. Re1 e2 32. Qf3 Qa7 33. Qc6 Qa3 34. d7 h6
35. Bd5 h5 36. Qc8+ Rxc8 37. dxc8=Q+ Kh7 38. Qg8+ Kh6 39. Qh8+ Kg5 40. Qxg7+
Kf4 41. Qh6+ Kxg4 42. Qg6+ Kh4 43. Qxf6+ 1-0

[Event "NYCC 2024, E"]
[Site "Valkeakoski, Finland"]
[Date "2024.02.17"]
[Round "3.3"]
[White "Zhang, Yiming"]
[Black "Matysiak, Tommy"]
[Result "1-0"]
[WhiteElo "1493"]
[BlackElo "1312"]
[PlyCount "47"]
[EventDate "2024.??.??"]

1. e4 c5 2. Nf3 Nc6 3. d4 cxd4 4. Nxd4 Nf6 5. Nc3 d6 6. Bg5 e6 7. f4 Be7 8. Qd3
a6 9. O-O-O Bd7 10. Be2 Rc8 11. Nxc6 bxc6 12. Bxf6 gxf6 13. f5 e5 14. Qg3 Kf8
15. Qh3 h6 16. Bc4 Qc7 17. Qh5 Be8 18. Rd3 Bd8 19. Rg3 a5 20. Qg4 Ke7 21. Qg7
Rf8 22. Rg6 Kd7 23. Be6+ Ke7 24. Qxf6# 1-0

[Event "NYCC 2024, E"]
[Site "Valkeakoski, Finland"]
[Date "2024.02.17"]
[Round "3.5"]
[White "Jonsson, Tristan Fannar"]
[Black "Jorgensen, Baldur Bjarnason"]
[Result "1-0"]
[WhiteElo "1216"]
[BlackElo "1275"]
[PlyCount "69"]
[EventDate "2024.??.??"]

1. e4 e5 2. Nf3 Nc6 3. d4 exd4 4. Bc4 Nf6 5. e5 d5 6. Bb5 Ne4 7. Nxd4 Bd7 8.
Bxc6 bxc6 9. O-O Bc5 10. f3 Ng5 11. f4 Ne4 12. Be3 Qe7 13. Nd2 Nxd2 14. Qxd2
Bxd4 15. Qxd4 Bf5 16. c4 Qd7 17. Rad1 Be4 18. Rfe1 O-O 19. Qxe4 Rfd8 20. Qd3
Qe6 21. h3 Rd7 22. b3 Rad8 23. f5 Qe8 24. c5 d4 25. Bg5 Rb8 26. f6 Rb5 27. Qc4
Qf8 28. e6 Rd5 29. Rxd4 Rdxc5 30. exf7+ Kh8 31. Re8 Rb8 32. Rxf8+ Rxf8 33. Qxc5
h6 34. Qxf8+ Kh7 35. Qxg7# 1-0

[Event "NYCC 2024, E"]
[Site "Valkeakoski, Finland"]
[Date "2024.02.17"]
[Round "3.6"]
[White "Arun, Harsha"]
[Black "Xin, Lisa J."]
[Result "1/2-1/2"]
[WhiteElo "1181"]
[BlackElo "1167"]
[PlyCount "51"]
[EventDate "2024.??.??"]

1. Nf3 d5 2. d4 Nf6 3. e3 e6 4. Bd3 c5 5. b3 Nc6 6. Bb2 Bd6 7. O-O O-O 8. Nbd2
b6 9. a3 Bb7 10. Ne5 Qc7 11. f4 Rac8 12. g4 cxd4 13. exd4 Nd7 14. g5 f6 15.
Bxh7+ Kxh7 16. Qh5+ Kg8 17. g6 Rfe8 18. Qh7+ Kf8 19. Qh8+ Ke7 20. Qxg7+ Kd8 21.
Nf7+ Ke7 22. Ne5+ Kd8 23. Nf7+ Ke7 24. Ne5+ Kd8 25. Nf7+ Ke7 26. Ne5+ 1/2-1/2

[Event "NYCC 2024, E"]
[Site "Valkeakoski, Finland"]
[Date "2024.02.17"]
[Round "4.2"]
[White "Maurstad, Astor Moe"]
[Black "Hallmundarson, Birkir"]
[Result "1-0"]
[WhiteElo "1459"]
[BlackElo "1527"]
[PlyCount "31"]
[EventDate "2024.??.??"]

1. c4 Nf6 2. Nc3 e6 3. e4 d5 4. cxd5 exd5 5. e5 d4 6. exf6 dxc3 7. dxc3 Qxf6 8.
Nf3 h6 9. Bd3 Bg4 10. Be3 Bxf3 11. Qxf3 Qxf3 12. gxf3 Bd6 13. O-O-O Nd7 14.
Rhe1 O-O-O 15. Bxa7 b6 16. Ba6# 1-0

[Event "NYCC 2024, E"]
[Site "Valkeakoski, Finland"]
[Date "2024.02.17"]
[Round "4.4"]
[White "Matysiak, Tommy"]
[Black "Jonsson, Tristan Fannar"]
[Result "1-0"]
[WhiteElo "1312"]
[BlackElo "1216"]
[PlyCount "131"]
[EventDate "2024.??.??"]

1. e4 e5 2. Nf3 Nc6 3. Bc4 Nf6 4. Ng5 d5 5. exd5 Nd4 6. c3 Nf5 7. O-O h6 8. Nf3
e4 9. Re1 Be7 10. Nd4 Nxd4 11. cxd4 Bf5 12. Bb5+ Bd7 13. Bxd7+ Qxd7 14. Nc3
O-O-O 15. a4 a6 16. Rb1 g5 17. b4 b6 18. Qe2 Kb7 19. d3 Nxd5 20. Qxe4 Rhe8 21.
Nxd5 Qxd5 22. Qxd5+ Rxd5 23. Bb2 Rdd8 24. Bc3 Bf6 25. Re4 Rxe4 26. dxe4 Bxd4
27. Bxd4 Rxd4 28. f3 h5 29. Kf2 Kc8 30. Ke3 Rd6 31. e5 Re6 32. Ke4 f6 33. Kf5
Rxe5+ 34. Kxf6 Rd5 35. Re1 c5 36. bxc5 bxc5 37. Re5 Rxe5 38. Kxe5 Kc7 39. Kd5
Kb6 40. h4 gxh4 41. f4 Kc7 42. Kxc5 Kd7 43. Kb6 Ke6 44. Kxa6 Kf5 45. Kb6 Kxf4
46. a5 Kg3 47. a6 Kxg2 48. a7 h3 49. a8=Q+ Kh2 50. Kc5 Kg1 51. Qa1+ Kg2 52.
Qb2+ Kg1 53. Qc1+ Kg2 54. Qd2+ Kg1 55. Kd4 h2 56. Ke3 h1=N 57. Qd1+ Kg2 58.
Qf3+ Kg1 59. Qxh5 Ng3 60. Qg4 Kf1 61. Qf3+ Ke1 62. Qxg3+ Kd1 63. Qf2 Kc1 64.
Kd3 Kb1 65. Kc3 Ka1 66. Qb2# 1-0

[Event "NYCC 2024, E"]
[Site "Valkeakoski, Finland"]
[Date "2024.02.17"]
[Round "4.5"]
[White "Xin, Lisa J."]
[Black "Dahlin, Emil"]
[Result "1-0"]
[WhiteElo "1167"]
[BlackElo "1306"]
[PlyCount "119"]
[EventDate "2024.??.??"]

1. d4 f5 2. Nf3 Nf6 3. e3 g6 4. Be2 Bg7 5. c4 d6 6. O-O O-O 7. Nc3 Nc6 8. d5
Ne5 9. Nxe5 dxe5 10. b3 b6 11. Ba3 Bb7 12. Qc2 f4 13. e4 a6 14. Rfd1 Qe8 15.
Rac1 g5 16. Nb1 Qf7 17. c5 b5 18. f3 Rad8 19. d6 c6 20. Bb4 h5 21. Ba5 Rd7 22.
Bc7 g4 23. dxe7 Rxc7 24. exf8=Q+ Qxf8 25. Qd2 Rd7 26. Qc3 gxf3 27. Bxf3 Rxd1+
28. Rxd1 Qe7 29. b4 Ne8 30. Bxh5 Nf6 31. Bf3 Qe6 32. Qb3 Qxb3 33. axb3 Kf8 34.
Kf2 Ke7 35. Nc3 Bf8 36. h4 Kf7 37. h5 Kg7 38. g4 Kh6 39. Rd8 Be7 40. Rb8 a5 41.
Rxb7 axb4 42. Rxe7 bxc3 43. Ke2 b4 44. Rxe5 Kg7 45. g5 Ng4 46. Bxg4 f3+ 47.
Bxf3 c2 48. Kd2 c1=Q+ 49. Kxc1 Kf7 50. h6 Kg6 51. Re6+ Kh7 52. Rxc6 Kh8 53. Rb6
Kh7 54. c6 Kg8 55. c7 Kh7 56. g6+ Kxh6 57. c8=Q Kg5 58. Qg4+ Kh6 59. Qh5+ Kg7
60. Qh7+ 1-0

[Event "NYCC 2024, E"]
[Site "Valkeakoski, Finland"]
[Date "2024.02.17"]
[Round "4.6"]
[White "Jorgensen, Baldur Bjarnason"]
[Black "Arun, Harsha"]
[Result "1-0"]
[WhiteElo "1275"]
[BlackElo "1181"]
[PlyCount "45"]
[EventDate "2024.??.??"]

1. d4 e6 2. c4 Nf6 3. Nc3 Bb4 4. Qb3 Bxc3+ 5. bxc3 d5 6. Ba3 b6 7. cxd5 exd5 8.
Nf3 Bb7 9. g3 Nbd7 10. Bg2 c6 11. O-O Qc7 12. Nd2 O-O-O 13. c4 Nf8 14. cxd5
Nxd5 15. Rfc1 Ne6 16. e3 f5 17. Bh3 Qf7 18. Bg2 Nec7 19. Nc4 Qe6 20. Ne5 c5 21.
Qc2 Nb5 22. Bb2 c4 23. Qxc4+ 1-0

[Event "NYCC 2024, E"]
[Site "Valkeakoski, Finland"]
[Date "2024.02.18"]
[Round "5.1"]
[White "Pirtac, Alexandru"]
[Black "Mashhadi Aghajan, Rayan"]
[Result "1-0"]
[WhiteElo "1875"]
[BlackElo "1336"]
[PlyCount "65"]
[EventDate "2024.??.??"]

1. e4 e5 2. Nc3 Nf6 3. f4 d5 4. fxe5 Nxe4 5. Qf3 Nxc3 6. dxc3 Bc5 7. Be3 Bxe3
8. Qxe3 Be6 9. O-O-O Qe7 10. Kb1 Nd7 11. Nf3 Nb6 12. a4 Nxa4 13. Bb5+ Bd7 14.
Bxd7+ Qxd7 15. e6 fxe6 16. c4 O-O 17. Ng5 Rf6 18. Rhe1 Qc6 19. cxd5 exd5 20.
Qd3 g6 21. Nxh7 Kxh7 22. Re7+ Kg8 23. Qh3 Rf7 24. Rxf7 Kxf7 25. Qh7+ Ke6 26.
Re1+ Kf5 27. Qf7+ Kg4 28. h3+ Kg5 29. h4+ Kh6 30. Qf4+ Kh7 31. Re7+ Kh8 32.
Qh6+ Kg8 33. Qg7# 1-0

[Event "NYCC 2024, E"]
[Site "Valkeakoski, Finland"]
[Date "2024.02.18"]
[Round "5.2"]
[White "Maurstad, Astor Moe"]
[Black "Zhang, Yiming"]
[Result "0-1"]
[WhiteElo "1459"]
[BlackElo "1493"]
[PlyCount "118"]
[EventDate "2024.??.??"]

1. c4 e6 2. Nc3 d5 3. e3 Nf6 4. Nf3 Nbd7 5. d4 c6 6. b3 Bd6 7. Bb2 O-O 8. Be2
e5 9. dxe5 Nxe5 10. cxd5 cxd5 11. Nxd5 Nxd5 12. Nxe5 Qa5+ 13. Kf1 Bxe5 14. Bxe5
Nxe3+ 15. fxe3 Qxe5 16. Qd4 Qe7 17. Kf2 Kh8 18. Rhd1 Re8 19. Bb5 Rf8 20. Rac1
Be6 21. Be2 Rfd8 22. Qf4 Rxd1 23. Rxd1 Rc8 24. Qd4 b6 25. Rd2 h6 26. b4 Qc7 27.
g3 Qc1 28. Bd1 Qb1 29. Bc2 Qxc2 30. Rxc2 Rxc2+ 31. Kf3 Rxa2 32. h4 h5 33. Qe5
Bg4+ 34. Ke4 Kh7 35. Qd5 Rf2 36. Qd6 Bf5+ 37. Ke5 f6+ 38. Kd5 Rd2+ 39. Kc6
Rxd6+ 40. Kxd6 a5 41. bxa5 bxa5 42. Kc5 a4 43. Kb4 Bc2 44. Ka3 Kg6 45. e4 Bxe4
46. Kxa4 Kf5 47. Kb4 Kg4 48. Kc4 Kxg3 49. Kd4 f5 50. Ke3 f4+ 51. Kxe4 f3 52.
Kf5 f2 53. Kg5 f1=Q 54. Kg6 Qf6+ 55. Kh7 Kf4 56. Kg8 Kf5 57. Kh7 Qh6+ 58. Kg8
Kf6 59. Kf8 Qh8# 0-1

[Event "NYCC 2024, E"]
[Site "Valkeakoski, Finland"]
[Date "2024.02.18"]
[Round "5.3"]
[White "Hallmundarson, Birkir"]
[Black "Matysiak, Tommy"]
[Result "1-0"]
[WhiteElo "1527"]
[BlackElo "1312"]
[PlyCount "162"]
[EventDate "2024.??.??"]

1. Nf3 Nf6 2. c4 b6 3. Nc3 e6 4. d4 Bb4 5. Bg5 Bxc3+ 6. bxc3 Bb7 7. e3 O-O 8.
Bd3 d6 9. O-O Nbd7 10. Nd2 h6 11. Bh4 c5 12. Be4 d5 13. cxd5 exd5 14. Bf3 Ba6
15. Re1 Qc7 16. c4 Bb7 17. dxc5 Qxc5 18. cxd5 Bxd5 19. Nb3 Bxf3 20. Qxf3 Qb4
21. Bg3 Ne4 22. Red1 Ndc5 23. Nxc5 Nxc5 24. Bd6 Rfd8 25. Rac1 Rac8 26. h3 Qa3
27. Qf5 Qa6 28. Bxc5 Rxd1+ 29. Rxd1 bxc5 30. Rd7 Rf8 31. Qxc5 Qxa2 32. Rxa7
Qb1+ 33. Kh2 Qe4 34. Re7 Qa8 35. Qe5 Qa2 36. Kg3 Qe2 37. Rd7 h5 38. Rd4 g6 39.
Rf4 Qc2 40. Qf6 Qa2 41. Qg5 Kh7 42. Qe7 Kg7 43. Kh4 Qa8 44. Qe5+ Kg8 45. e4
Qd8+ 46. Kg3 Qd3+ 47. Rf3 Qd8 48. Qc5 Qb8+ 49. e5 Rc8 50. Qd5 Rf8 51. Kh2 Kg7
52. g3 Qe8 53. Qd4 Kg8 54. Rf6 Kh7 55. Qf4 Kg8 56. Qe3 Qe7 57. f4 Qc7 58. Qe2
Kh7 59. e6 Qe7 60. Qe5 Qa7 61. Qb2 Qe7 62. f5 gxf5 63. Rxf5 fxe6 64. Rxh5+ Kg6
65. Rh4 Rf5 66. Rg4+ Rg5 67. Qc2+ Kh6 68. Qd2 Kg6 69. Qd3+ Kf7 70. Qh7+ Kf8 71.
Qxe7+ Kxe7 72. Rxg5 Kd6 73. h4 e5 74. h5 Kd5 75. h6 Kd4 76. h7 e4 77. h8=Q+ Kd3
78. Rd5+ Ke3 79. Qh6+ Kf3 80. Qf4+ Ke2 81. Rd2+ Ke1 1-0

[Event "NYCC 2024, E"]
[Site "Valkeakoski, Finland"]
[Date "2024.02.18"]
[Round "5.4"]
[White "Mikkelsen, Anders Askjaer"]
[Black "Xin, Lisa J."]
[Result "1-0"]
[WhiteElo "1434"]
[BlackElo "1167"]
[PlyCount "87"]
[EventDate "2024.??.??"]

1. e4 e6 2. d4 d5 3. exd5 exd5 4. c4 c6 5. Nc3 Nf6 6. Bg5 Bb4 7. Nf3 Bxc3+ 8.
bxc3 Qa5 9. Qb3 Ne4 10. Bd2 O-O 11. Bd3 Nxd2 12. Nxd2 Re8+ 13. Be2 Bf5 14. Kf1
Nd7 15. f3 Re3 16. Kf2 Rae8 17. Rhe1 Qxc3 18. Qxc3 Rxc3 19. cxd5 cxd5 20. Nb3
Rc2 21. Kf1 b6 22. Bb5 Rxe1+ 23. Rxe1 Rxa2 24. Re7 Nf8 25. g4 Bb1 26. Nc1 Ra5
27. Be8 Bg6 28. Ne2 f6 29. Bc6 Bd3 30. Kf2 Ng6 31. Rd7 Bc4 32. Nc3 Nf4 33. Kg3
g5 34. Rd8+ Kg7 35. Nd1 Be2 36. Ne3 Ra3 37. Re8 a5 38. h4 a4 39. h5 Ra2 40. h6+
Kxh6 41. Re7 Bd3 42. Bb5 Bxb5 43. Nf5+ Kg6 44. Rg7# 1-0

[Event "NYCC 2024, E"]
[Site "Valkeakoski, Finland"]
[Date "2024.02.18"]
[Round "5.5"]
[White "Dahlin, Emil"]
[Black "Jorgensen, Baldur Bjarnason"]
[Result "1-0"]
[WhiteElo "1306"]
[BlackElo "1275"]
[PlyCount "153"]
[EventDate "2024.??.??"]

1. e4 e5 2. Nf3 Nc6 3. Bc4 Bc5 4. Nc3 Nf6 5. d3 d6 6. h3 Be6 7. Bb3 Qd7 8. Bg5
Qe7 9. Qd2 h6 10. Bh4 g5 11. Bg3 Nh5 12. O-O-O O-O-O 13. Nd5 Bxd5 14. Bxd5 Qd7
15. Qc3 Nf6 16. a3 Nxd5 17. exd5 Nd4 18. Nxd4 Bxd4 19. Qb3 f5 20. Rhf1 f4 21.
Bh2 Rhf8 22. f3 h5 23. Bg1 Bxg1 24. Rxg1 g4 25. hxg4 hxg4 26. Rh1 Rh8 27. Qc4
gxf3 28. gxf3 Rh3 29. Qe4 Rdh8 30. Rxh3 Qxh3 31. Rg1 Qh7 32. Qe2 Rg8 33. Qf2
Rxg1+ 34. Qxg1 b6 35. Kd2 Kb7 36. Qg2 Qf7 37. c4 a6 38. Kc3 c6 39. dxc6+ Kxc6
40. Qe2 Qg6 41. Qe4+ Qxe4 42. dxe4 Kc7 43. Kb4 Kc6 44. Kc3 Kc7 45. b4 Kd7 46.
Kd3 Kc7 47. a4 Kd7 48. Kd2 Kc7 49. Kc2 Kd7 50. Kd2 Kc7 51. Ke2 Kd7 52. Kf2 Ke7
53. Kg2 Ke6 54. b5 a5 55. Kh3 Kf7 56. Kh4 Kf6 57. Kh5 Kf7 58. Kg5 Kg7 59. Kf5
Kf7 60. c5 dxc5 61. Kxe5 Ke7 62. Kxf4 Ke6 63. Ke3 Ke7 64. Kd3 Ke6 65. f4 Kd6
66. Kc4 Ke6 67. e5 Ke7 68. Kd5 Kd7 69. f5 Ke7 70. e6 Ke8 71. f6 Kd8 72. Kd6 c4
73. e7+ Kc8 74. e8=Q+ Kb7 75. Qc6+ Ka7 76. Kc7 c3 77. Qb7# 1-0

[Event "NYCC 2024, E"]
[Site "Valkeakoski, Finland"]
[Date "2024.02.18"]
[Round "5.6"]
[White "Arun, Harsha"]
[Black "Jonsson, Tristan Fannar"]
[Result "0-1"]
[WhiteElo "1181"]
[BlackElo "1216"]
[PlyCount "148"]
[EventDate "2024.??.??"]

1. Nf3 Nf6 2. d4 d5 3. e3 c5 4. b3 cxd4 5. exd4 Nc6 6. Bd3 Bg4 7. Nbd2 Nxd4 8.
h3 Bxf3 9. Nxf3 Nc6 10. Bb2 e6 11. O-O Bd6 12. Re1 O-O 13. a3 Re8 14. Ne5 a6
15. f4 Rc8 16. Qd2 Nd7 17. Qe2 Bxe5 18. fxe5 Qg5 19. Rad1 Nf8 20. Qe3 Qxe3+ 21.
Rxe3 Ng6 22. Bxg6 fxg6 23. Rf3 Rf8 24. Rfd3 Rf5 25. Re3 Rcf8 26. Re2 Kf7 27. c4
Rd8 28. cxd5 Rxd5 29. Rxd5 exd5 30. e6+ Ke7 31. a4 Nd8 32. Ba3+ Ke8 33. e7 Nc6
34. Bc5 Re5 35. Rxe5 Nxe5 36. Bd4 Nc6 37. Bxg7 Kxe7 38. Kf2 Kd6 39. Ke3 Kc5 40.
Bf8+ Kb6 41. Kd3 Kc7 42. g4 Kd7 43. b4 b5 44. a5 Ke6 45. Bg7 Nxb4+ 46. Kc3 Nc6
47. Kb3 Nxa5+ 48. Kb4 Nc6+ 49. Kc5 Kd7 50. Kxd5 Nd8 51. Ba1 Nb7 52. Ke5 a5 53.
Kf6 b4 54. Kg7 a4 55. Kxh7 a3 56. Kxg6 b3 57. h4 b2 58. Bxb2 axb2 59. h5 b1=Q+
60. Kg7 Qg1 61. h6 Qxg4+ 62. Kf7 Qh5+ 63. Kg7 Ke7 64. h7 Qf7+ 65. Kh6 Qf6+ 66.
Kh5 Qh8 67. Kh6 Kf6 68. Kh5 Qxh7+ 69. Kg4 Qf5+ 70. Kh4 Qg6 71. Kh3 Kf5 72. Kh2
Kf4 73. Kh1 Kf3 74. Kh2 Qg2# 0-1

[Event "NYCC 2024, E"]
[Site "Valkeakoski, Finland"]
[Date "2024.02.18"]
[Round "6.1"]
[White "Pirtac, Alexandru"]
[Black "Hallmundarson, Birkir"]
[Result "1/2-1/2"]
[WhiteElo "1875"]
[BlackElo "1527"]
[PlyCount "99"]
[EventDate "2024.??.??"]

1. e4 c5 2. Nf3 Nc6 3. d4 cxd4 4. Nxd4 g6 5. Nc3 Bg7 6. Be3 Nf6 7. Bc4 O-O 8.
Bb3 d5 9. exd5 Na5 10. f3 a6 11. O-O b5 12. Nc6 Nxc6 13. dxc6 Qc7 14. Qd2 Rd8
15. Qf2 Qxc6 16. Rad1 Be6 17. Bxe6 Qxe6 18. a3 Nd5 19. Nxd5 Rxd5 20. c3 Rad8
21. Rxd5 Qxd5 22. Re1 e5 23. h3 f5 24. h4 h6 25. Re2 Qd1+ 26. Re1 Qd3 27. Re2
Qb1+ 28. Re1 Rd1 29. Rxd1 Qxd1+ 30. Kh2 Kf7 31. Ba7 Qd6 32. Kh1 Bf6 33. Bc5 Qd8
34. g3 Qd7 35. Bb4 f4 36. g4 Qd8 37. Qc5 Bxh4 38. Qxe5 Bg3 39. Qe2 h5 40. gxh5
gxh5 41. Qc2 Kg7 42. Bc5 Kh6 43. Bd4 Qe7 44. Kg1 h4 45. Qf5 Qg5 46. Qf8+ Kh7
47. Qh8+ Kg6 48. Qg7+ Kh5 49. Qh7+ Qh6 50. Qf5+ 1/2-1/2